Normal view
MARC view
- Chakrabartty S.K. Laha M.K
Entry Corporate Name
001 - CONTROL NUMBER
- control field: 113984
003 - CONTROL NUMBER IDENTIFIER
- control field: NUST
005 - DATE AND TIME OF LATEST TRANSACTION
- control field: 20230804194530.0
008 - FIXED-LENGTH DATA ELEMENTS
- fixed length control field: 230804|| aca||aabn | a|a d
040 ## - CATALOGING SOURCE
- Original cataloging agency: NUST
- Transcribing agency: NUST
110 ## - HEADING--CORPORATE NAME
- Corporate name or jurisdiction name as entry element: Chakrabartty S.K. Laha M.K
670 ## - SOURCE DATA FOUND
- Source citation: Work cat.: (NUST): Niyogi, Pradip 21652, Introduction to computational Fluid Dynamics, 2005
